| 000 | 00578nam a22001577a 4500 | ||
|---|---|---|---|
| 008 | 230630b |||||||| |||| 00| 0 eng d | ||
| 040 |
_aNational Science Library _cNational Science Library |
||
| 080 |
_a5/6(1-22) _bN5 |
||
| 245 |
_aसीएसआईआर ग्रामीण प्रौद्योगिकी: _bएक सार-संग्रह |
||
| 246 |
_aCSIR gramin prodyogiki: _bEk sar-sangrah |
||
| 260 |
_aNew Delhi: _bPrakashan Evam Suchna Nideshalaya, _c1995 |
||
| 300 | _a164p. | ||
| 650 | _aRural technology | ||
| 653 | _aScience | ||
| 942 |
_2udc _cREF |
||
| 999 |
_c48403 _d48403 |
||